01057 a2200253 4500999001500000022001300015050002300028100004500051110003400096245030500130264004600435300001100481500005000492650003000542650002000572650002100592651001800613700002800631700003200659700002500691700002700716700002500743942003500768 c9780d9780 I0038239600aKTL19.A35 SOU 1993 aCorbett, M.MeHonorary consulting editor aSupreme Court of South Africa04aSouth African law reports (2)May: bDecisions of the Supreme Court of Appeal of South Africa, Constitutional court of Namibia, High court of Zimbabwe, Supreme court of Zimbabwe, Supreme court of Venda, Supreme court of Ciskei, Supreme court of Transkei /cFisher David S, Brenda Badernhorst. ...et al aSouth Africa:bJuta and Company LTDc1992 a323p.: aIncludes bibliographical references and index 0aLaw reports, digests, etc 7aTable of cases  7aCase annotations 7aSouth Africa. aFisher, David Seeditor aBadernhorst, brendaeeditor aBarrow, Oweneeditor aCavvadas, Johneeditor aHanmer, Nitaeeditor 2lcccSERIALSh19.A35iSOUkKTL